000 00425nam a22001457a 4500
020 _a9788178083612
040 _cNust
082 _a658.562
_bMIT
100 _aAmitava Mitra
_9127615
245 _aFundamentals of quality control and improvement
250 _a2nd edition
260 _aNew Delhi:
_bPearson education Asia,
_c2001.
650 _aFundamentals of quality control and improvement
_9112269
942 _2ddc
_cBK
999 _c612688
_d612688